Statistics for Name that 2012 Song!

Click here to take the quiz!

General Stats

  • This quiz has been taken 2,375 times
  • The average score is 8 of 19

Answer Stats

Hint Answer % Correct
I threw a wish in the well, don't ask me, I'll never tell...Call Me Maybe
92%
But you didn't have to cut me off, make out like it never happened and that we were nothing...Somebody That I Used To Know
79%
I need to get my story straight, my friends are in the bathroom getting higher than the Empire State...We Are Young
74%
I'm bulletproof, nothing to lose. Fire away, fire away. Ricochet, you take your aim. Fire away, fire away.Titanium
68%
Baby you light up my world like nobody else, the way that you flip your hair get's me overwhelmed...What Makes You Beautiful
67%
I'm feeling sexy and free, like glitter's raining on me...Domino
52%
I'm on the floor, floor, I love to dance...Starships
43%
You know the bed feels warmer sleeping here alone...Stronger
40%
I just wanna throw my phone away, find out who is really there for me...Part of Me
40%
I know it's hard to remember the people we used to be, it's even harder to picture that you're not here next me...Payphone
38%
Oh, I swear to you, I'll be there for you...Drive By
36%
I'd like to be everything you want. Hey girl, let me talk to you...Boyfriend
31%
I've been everywhere, man, looking for someone, someone who can please me, love me all night long...Where Have You Been
26%
When I look into your eyes, it's like watching the night sky or a beautiful sunrise. Well there's so much they hold...I Won't Give Up
23%
This is more than a typical kinda thing. Felt the jones in my bones when you were touching me, oh oh...Brokenhearted
15%
Your love pours down on me, surround me like a waterfall. And there's no stopping us right now...Feel So Close
15%
The best buzz I'm ever gonna find! I'm a little drunk on you, and high on summertime...Drunk On You
14%
I see you over there so hypnotic, thinkin' 'bout what I'd do to that body...Scream
13%
You can put your feet up, be my seƱorita. We ain't gotta rush, just take it slow...So Good
10%

Score Distribution

Percentile by Number Answered

Percent of People with Each Score

Your Score History

You have not taken this quiz